ՀՀ Գիտությունների ազգային ակադեմիայի հիմնարար գիտական գրադարան  =   Fundamental Scientific Library of NAS RA
Normal view MARC view

Entry Personal Name

Number of records used in: 4

001 - CONTROL NUMBER

  • control field: 8531

003 - CONTROL NUMBER IDENTIFIER

  • control field: AM-YEHGA

005 - DATE AND TIME OF LATEST TRANSACTION

  • control field: 20250618063804.0

008 - FIXED-LENGTH DATA ELEMENTS

  • fixed length control field: 151225|| aca||aabn | a|a d

040 ## - CATALOGING SOURCE

  • Original cataloging agency: AM-YEHGA

100 1# - HEADING--PERSONAL NAME

  • Personal name: Դավիդով, Դենիս Վասիլևիչ,
  • Dates associated with a name: 1784-1839

368 ## - OTHER ATTRIBUTES OF PERSON OR CORPORATE BODY

  • Other designation: Գեներալ-լեյտենանտ
  • Start period: 1831

370 ## - ASSOCIATED PLACE

  • Place of birth: Մոսկվա, Ռուսաստանի դաշնություն
  • Place of death: Սիմբիրսկի մարզ, Ռուսաստանի դաշնություն

372 ## - FIELD OF ACTIVITY

  • Source of term: lcgft
  • Field of activity: Գրականություն

374 ## - OCCUPATION

  • Source of term: lcsh
  • Occupation: Գրող

375 ## - GENDER

  • Gender: Արական

377 ## - ASSOCIATED LANGUAGE

  • Language code: rus

400 1# - SEE FROM TRACING--PERSONAL NAME

  • Personal name: Դավիդով, Դենիս,
  • Dates associated with a name: 1784-1839

400 1# - SEE FROM TRACING--PERSONAL NAME

  • Personal name: Давыдов, Денис Васильевич,
  • Dates associated with a name: 1784-1839

400 1# - SEE FROM TRACING--PERSONAL NAME

  • Personal name: Давыдов, Денис,
  • Dates associated with a name: 1784-1839

400 1# - SEE FROM TRACING--PERSONAL NAME

  • Personal name: Давыдов, Д. В.
  • Fuller form of name: (Денис Васильевич),
  • Dates associated with a name: 1784-1839

400 1# - SEE FROM TRACING--PERSONAL NAME

  • Personal name: Давыдов, Д.
  • Fuller form of name: (Денис),
  • Dates associated with a name: 1784-1839

400 1# - SEE FROM TRACING--PERSONAL NAME

  • Personal name: Davydov, Denis Vasilyevich,
  • Dates associated with a name: 1784-1839

670 ## - SOURCE DATA FOUND

  • Uniform Resource Identifier: <a href="http://hy.wikipedia.org/wiki/Դենիս_Դավիդով" target="_blank">Վիքիպեդիա</a>

670 ## - SOURCE DATA FOUND

  • Source citation: Հայկական սովետական հանրագիտարան: Հատոր երրորդ: Երևան, 1977:
  • Information found: Դենիս Վասիլևիչ Դավիդով (ռուս.՝ Денис Васильевич Давыдов, 1784-1839), 1812 թվականի Հայրենական պատերազմի հերոս, ռազմական գրող, բանաստեղծ, գեներալ-լեյտենանտ (1831)։

670 ## - SOURCE DATA FOUND

  • Source citation: Դենիս Դավիդով / Ն. Զադոնսկի : Երևան, 1964:
  • Information found: տիտղթ. (Դենիս Դավիդով)

670 ## - SOURCE DATA FOUND

  • Source citation: Стихотворения. Проза / Москва, 1987:
  • Information found: տիտղթ. (Денис Давыдов)

670 ## - SOURCE DATA FOUND

  • Source citation: Сочинения / Москва, 1985:
  • Information found: տիտղթ. (Д.В. Давыдов)

670 ## - SOURCE DATA FOUND

  • Source citation: Стихотворения / Москва, 1979:
  • Information found: տիտղթ. (Д. Давыдов)


ՀՀ ԳԱԱ հիմնարար գիտական գրադարան
ՀՀ,Երևան 0019
Մարշալ Բաղրամյան 24/6
հեռախոս:(374-10) 52-47-50
Հետադարձ կապ

All site content, except where otherwise noted, is licensed under a
Creative Commons License